Cyclisme : Coureur moderne avec le plus de victoire sur le TDF - Statistiques

Statistiques générales
  • Ce quiz a été pris 326 fois
  • Le résultat moyen est 6 sur 15
Statistiques - réponses
Hint
Answer
% Correct
34 Mark Cavendish
92%
9 Tadej Pogacar
77%
12 Peter Sagan
67%
7 Christopher Froome
60%
9 Wout Van Aert
56%
14 Marcel Kittel
49%
11 André Greipel
43%
3 Primož Roglič
37%
5 Caleb Ewan
24%
3 Thibaut Pinot
23%
6 Vincenzo Nibali
23%
3 Nairo Quintana
21%
5 Alejandro Valverde
17%
4 Michael Matthews
12%
3 Tom Dumoulin
12%
Aucun quiz correspondant
Distribution des résultats
% des personnes avec chaque résultat
Percentile par nombre de réponses
Votre historique - résultats
Vous n’avez pas pris ce quiz